San Martín hasta el Paso de Los Andes

Furkejuvvon:
Bibliográfalaš dieđut
Váldodahkki: Smith, Carlos (Dahkki)
Materiálatiipa: Girji
Giella:espánnjágiella
Almmustuhtton: Buenos Aires Taller gráfico de Luis Bernard 1928
Preanttus:1a. ed
Ráidu:Círculo Militar, Biblioteca del Oficial, CXX
Fáttát:
Fáddágilkorat: Lasit fáddágilkoriid
Eai fáddágilkorat, Lasit vuosttaš fáddágilkora!

MARC

LEADER 00000nam a2200000 a 4500
001 UCJ4186
003 CL-VaPUC
008 070124e19280000AG |||||||||||||||||spa|d
082 0 4 |a 923  |b SAN  |2 21 
100 0 |a Smith, Carlos  |e author  |9 507334 
245 1 0 |a San Martín hasta el Paso de Los Andes 
250 |a 1a. ed 
300 |a 485 p 
942 |c BK 
945 |d 20070124 00:00:00  |a rinostro 
260 |a Buenos Aires  |b Taller gráfico de Luis Bernard  |c 1928 
500 |a Interesantes pormenores de la organización del Ejército de Los Andes 
600 0 7 |a SAN MARTIN, JOSE DE  |2 CL-VaPUC  |9 507335 
600 0 7 |a MARCO DEL PONT, CASIMIRO  |2 CL-VaPUC  |9 505052 
600 0 7 |a LOGIA LAUTARO  |2 CL-VaPUC  |9 507336 
600 0 7 |a EJERCITO DE LOS ANDES  |2 CL-VaPUC  |9 507337 
600 0 7 |a VIRGEN DEL CARMEN  |2 CL-VaPUC  |9 507338 
650 7 |a BIOGRAFIA  |2 CL-VaPUC  |9 504622 
650 0 |a Independencia de américa  |9 447064 
650 7 |a BATALLAS  |2 CL-VaPUC  |9 376940 
650 0 |a Operaciones militares  |9 372045 
650 0 |a Masonería   |9 256238 
650 0 |a Historia militar  |9 268297 
650 7 |a DOCUMENTOS  |2 CL-VaPUC  |9 366450 
650 7 |a LOGISTICA MILITAR  |2 CL-VaPUC  |9 507339 
650 7 |a DEVOCIONES  |2 CL-VaPUC  |9 504541 
650 7 |a INSIGNIAS MILITARES  |2 CL-VaPUC  |9 507340 
650 7 |a BANDERAS  |2 CL-VaPUC  |9 382371 
650 7 |a INTELIGENCIA MILITAR  |2 CL-VaPUC  |9 507341 
651 0 |a Argentina  |9 254888 
651 7 |a CHILE  |2 CL-VaPUC  |9 507342 
651 0 |a Perú  |9 256567 
583 |a last modification  |c 20070124 00:00:00  |k Rodrigo Vera 
490 0 |a Círculo Militar, Biblioteca del Oficial, CXX 
999 |c 320303  |d 320301 
952 |0 0  |1 0  |4 0  |6 923_000000000000000_SAN_1928  |7 0  |8 X  |9 398799  |a FDOBUD  |b FDOBUD  |d 2019-11-22  |i 1014978  |o 923 SAN 1928  |p 1014978  |r 2019-11-22  |w 2019-11-22  |y BK_X  |k BUD